| 000 | 00369nam a2200133Ia 4500 | ||
|---|---|---|---|
| 008 | 220217s9999||||xx |||||||||||||| ||und|| | ||
| 020 | _a81-7366-197-9 | ||
| 082 | _a005.13 BLA | ||
| 100 | _aBlaszczark, Mike | ||
| 245 | 0 | _aProfessional MFC with visual basic C++ 6 | |
| 260 |
_aShroff publishers _bMumbai _c2002 |
||
| 300 | _b625 | ||
| 650 | _aPROGRAMMING LANGUAGE | ||
| 999 |
_c172204 _d172204 |
||